000 00284nam a2200121 4500
999 _c10899
_d10899
003 OSt
005 20221021141443.0
008 221021b ||||| |||| 00| 0 eng d
100 _aGeorge A Mitchell
245 _aBuilding construction and drawing
260 _bBatsford
942 _2ddc